000 00421nam a2200181Ia 4500
001 2798
005 20260306144833.0
008 260306t1995||||xx |||||||||||||| ||spa||
041 _aESP
082 _a230.01
_bF45
100 _aFeuerbach, Ludwing
_eAUT
245 0 _aLa esencia del cristianismo
260 _c1995
300 _a398 páginas :
_c23 cm.
650 _aGEN
654 _aCHU
942 _cLIB
_dJUS
_fJUS
_2ddc
_n
999 _c2798
_d2798